000 00837nam a2200241 a 4500
005 20240228063850.0
008 031104m19942000mx r 000 0 spa d
020 _a9681645456
035 _aUPN01000130645
049 _aI
050 4 _aPZ71
_bM3.5 1994
100 1 _aMachado, Ana María,
_d1941-
_929089
245 1 0 _aHistoria medio al revés /
_cAna Maria Machado ; il. Rafael Barajas ; tr. Mónica Mansour.
250 _a2a ed.
260 _aMéxico :
_bFCE,
_c1994 (2000 impr.).
300 _a51 p. :
_bprincipalmente il.
440 0 _aA la orilla del viento.
_pPara los que empiezan a leer ;
_v35
534 _pTraducción de:
_tHistoria meio ao contrário
650 4 _aCUENTOS INFANTILES BRASILEÑOS
_912222
650 4 _aLibros y lectura para niños
_92290
700 0 _aEl Fisgón,
_d1956-
_eil.
_934465
905 _aInfantil
999 _c102802
_d102802